[Event "Madrid-ch Previa-A"]
[Site "Madrid"]
[Date "2008.11.10"]
[Round "4"]
[White "Suarez Mencia, Roberto"]
[Black "Zamora Pastora, Roger"]
[Result "1/2-1/2"]
[WhiteElo "1658"]
[BlackElo "1620"]
[PlyCount "108"]
[EventDate "2008.11.03"]
[EventType "swiss"]
[EventRounds "9"]
[EventCountry "ESP"]
[SourceTitle "CBM 127 Extra"]
[Source "ChessBase"]
[SourceDate "2009.01.08"]
[SourceVersion "2"]
[SourceVersionDate "2009.01.28"]
[SourceQuality "1"]

1. c4 g6 2. g3 Bg7 3. Bg2 e6 4. e3 Nc6 5. Ne2 Nge7 6. d4 d5 7. cxd5 exd5 8. Nbc3 Be6 9. Nf4 0-0 10. Nxe6 fxe6 11. 0-0 Kh8 12. Ne2 Bh6 13. e4 Bxc1 14. Rxc1 dxe4 15. Bxe4 Nd5 16. Kh1 Qd6 17. Qd2 Rf6 18. Ng1 Raf8 19. Nh3 Kg7 20. Rce1 Nce7 21. Bg2 c6 22. Qg5 Nf5 23. Qd2 h6 24. Re4 Qb4 25. Qxb4 Nxb4 26. g4 Nh4 27. g5 hxg5 28. Nxg5 Nxg2 29. Kxg2 Re8 30. a3 Nd5 31. Kg3 Kh6 32. Nf3 Ref8 33. Rh4+ Kg7 34. Ng5 Rh8 35. Rxh8 Kxh8 36. Ne4 Rf8 37. Nc5 Rf7 38. Nxe6 Ne3 39. Re1 Nf5+ 40. Kg2 Nh4+ 41. Kf1 Nf3 42. Re3 Nd2+ 43. Ke2 Nc4 44. Rh3+ Rh7 45. Rxh7+ Kxh7 46. Nd8 Nd6 47. Kd3 a5 48. Kc3 g5 49. f3 Kg6 50. Ne6 Kf5 51. Ng7+ Kf4 52. Ne6+ Kf5 53. Ng7+ Kf4 54. Ne6+ Kf5 1/2-1/2